000 00414nam a2200157Ia 4500
008 230917s9999||||xx |||||||||||||| ||und||
040 _e184050
_aMAIN
041 _aEnglish
082 _a658.4 K837M
100 _aKoontz, Harold
245 0 _aManagement a system and contingency analysis of managerial functions
250 _a6th ed.
260 _aTokya
_bMcGraw-Hill
_c1976
300 _a824 p.
942 _cBK
999 _c232256
_d232256